| 000 | 00911cam a22002777a 4500 | ||
|---|---|---|---|
| 003 | CHAP | ||
| 005 | 20220329134530.0 | ||
| 008 | 971013s r 00010 d | ||
| 010 | _a21743 | ||
| 011 | _a22715 | ||
| 035 | _a26810 | ||
| 040 | _cCHAP | ||
| 090 | _aFolleto 5209 | ||
| 110 |
_aAsociación Latinoamericana de Fitotecnia _98029 |
||
| 245 | 1 | 3 | _aLa técnica agrícola contribuye al progreso de América Latina |
| 260 |
_aSan José, C.R. : _bAsociación Latinoamericana de Fitotecnia, _c(s.a.) |
||
| 300 |
_a13 p. _b: ilus |
||
| 590 |
_aBATCH-UPD _b10 _c20130110 _lUCH01 _h2014 |
||
| 590 |
_aBATCH-UPD _b10 _c20130410 _lUCH01 _h1332 |
||
| 590 |
_aBATCH-UPD _b10 _c20130914 _lUCH01 _h2133 |
||
| 590 |
_aCONVERSION _b10 _c20130109 _lUCH01 _h1313 |
||
| 650 | 1 | 4 |
_aAgricultura _xInnovaciones tecnológicas. _91565 |
| 901 | _aBK | ||
| 942 | _cFOLL | ||
| 949 |
_aFolleto 5209 _bBC _cFOLL _d-61842 _eTS1 _i26810 _mD _si |
||
| 999 |
_c21743 _d21743 |
||